El apocalipsis o Revelación del Apostol San Juan / (Record no. 15464)

000 -CABECERA
fixed length control field 00706nam a22002057a 4500
003 - IDENTIFICADOR DEL NÚMERO DE CONTROL
control field AR-CdUCM
008 - DATOS DE LONGITUD FIJA--INFORMACIÓN GENERAL
fixed length control field 190427b ||||| |||| 00| 0 spa d
040 ## - FUENTE DE LA CATALOGACIÓN
Agencia/entidad que catalogó originalmente la obra MUNICIPALIDAD PROVINCIAL DEL CUSCO
Entidad que transcribió la catalogación BIBLIOTECA MUNICIPAL DEL CUSCO
082 ## - NÚMERO DE LA CLASIFICACIÓN DECIMAL DEWEY
No. de Clasificación 228 /
Notacion interna J81
100 ## - ENTRADA PRINCIPAL--NOMBRE DE PERSONA
Nombre Personal Scio de San Miguel, Felipe
245 ## - MENCIÓN DE TÍTULO
Título El apocalipsis o Revelación del Apostol San Juan /
260 ## - PUBLICACIÓN, DISTRIBUCIÓN, ETC.
Lugar de publicación, distribución, etc. Madrid :
Nombre de la editorial, distribuidor, etc. Minerva,
300 ## - DESCRIPCIÓN FÍSICA
Nº de Páginas Extensión 88 páginas ;
Dimensiones 18 cm.
505 ## - NOTA DE CONTENIDO CON FORMATO
Nota de contenido formateada Contenido : El apocalipsis o Revelación del Apostol San Juan -- Capítulos : I -- II -- III -- IV ...
650 ## - PUNTO DE ACCESO ADICIONAL DE MATERIA--TÉRMINO DE MATERIA
Descriptor Biografia
9 (RLIN) 437
650 ## - PUNTO DE ACCESO ADICIONAL DE MATERIA--TÉRMINO DE MATERIA
Descriptor Sociales
9 (RLIN) 28612
650 ## - PUNTO DE ACCESO ADICIONAL DE MATERIA--TÉRMINO DE MATERIA
Descriptor Española
9 (RLIN) 24066
942 ## - ELEMENTOS DE PUNTO DE ACCESO ADICIONAL (KOHA)
Fuente de clasificación
Tipo de item Libros-BMC
945 ## - PROCESAMIENTO DE INFORMACIÓN LOCAL (OCLC)
Catalogador rah
AAAA-MM-DD - Fecha de ingreso o modificacion 27/04/2019
Holdings
Estado de retiro (separado) Fuente de clasificación o esquema de estanterías Estado dañado Ubicación Sala donde se ubica Nombre de la colección Fecha de adquisición o compra Costo, precio normal en soles Signatura topográfica Código de Barras Última vez visto (Koha) Tipo de ítem (Koha)
No     Sala Cusco Antiguo Sala Cusco Antiguo Book Cart 2019-04-27 20.00 228 / J81 SCA0003502 2019-04-27 Libros-BMC

Powered by Koha